[Event "Bad Griesbach Seniors op 11th"]
[Site "Bad Griesbach"]
[Date "2008.12.09"]
[Round "3"]
[White "Hardy, Karl"]
[Black "Huhn, Ulrich"]
[Result "0-1"]
[WhiteElo "1381"]
[BlackElo "1771"]
[PlyCount "74"]
[EventDate "2008.12.07"]
[EventType "swiss"]
[EventRounds "7"]
[EventCountry "GER"]
[SourceTitle "EXT 2015"]
[Source "ChessBase"]
[SourceDate "2014.11.20"]
[SourceVersion "1"]
[SourceVersionDate "2014.11.20"]
[SourceQuality "1"]

1. d4 d5 2. e3 Nf6 3. h3 Bf5 4. Bd3 Qd7 5. Nf3 Nc6 6. Bb5 a6 7. Bxc6 Qxc6 8. Nc3 e6 9. Ne5 Qb6 10. a3 Bd6 11. g4 Bg6 12. Na4 Qa5+ 13. c3 Bxe5 14. b4 Qb5 15. dxe5 Nd7 16. f4 Be4 17. Rg1 Rc8 18. Nb2 c5 19. a4 Qb6 20. Bd2 cxb4 21. cxb4 Rc2 22. Ra2 0-0 23. Ke2 Rfc8 24. g5 Qxb4 25. Ke1 Qb3 26. Qa1 Rxd2 27. Ra3 Qxb2 28. Qxb2 Rxb2 29. Ra1 Rb1+ 30. Rxb1 Bxb1 31. Kd2 Rc2+ 32. Ke1 Rc1+ 33. Kf2 Rxg1 34. Kxg1 b5 35. axb5 axb5 36. Kf2 Bf5 37. h4 b4 0-1